Automobile engines (Record no. 26908)

000 -LEADER
fixed length control field 00558nam a22002051 4500
001 - CONTROL NUMBER
control field 26908
003 - CONTROL NUMBER IDENTIFIER
control field BD-DhUET
008 - FIXED-LENGTH DATA ELEMENTS--GENERAL INFORMATION
fixed length control field 710318s1968 maua 000 0 eng
040 ## - CATALOGING SOURCE
Original cataloging agency DLC
Transcribing agency DLC
Modifying agency BD-DhUET
082 ## - DEWEY DECIMAL CLASSIFICATION NUMBER
Classification number 629.25
Item number JUD/1966
100 ## - MAIN ENTRY--PERSONAL NAME
Personal name Judge, Arthur W.
245 10 - TITLE STATEMENT
Title Automobile engines
Remainder of title in theory, design, construction, operation, and testing
250 ## - EDITION STATEMENT
Edition statement 7th ed.
260 ## - PUBLICATION, DISTRIBUTION, ETC. (IMPRINT)
Place of publication, distribution, etc. London
Name of publisher, distributor, etc. Chapmam & Hall
Date of publication, distribution, etc. 1966
300 ## - PHYSICAL DESCRIPTION
Extent 510 p.
Other physical details ill.
490 0# - SERIES STATEMENT
Series statement Motor manuals, vol. 1
500 ## - GENERAL NOTE
General note Vol. 1
650 #0 - SUBJECT ADDED ENTRY--TOPICAL TERM
Topical term or geographic name as entry element Engines : Automobiles
942 ## - ADDED ENTRY ELEMENTS (KOHA)
Koha item type General Book
Holdings
Piece designation (barcode) Koha full call number Withdrawn status Lost status Price effective from Damaged status Koha item type Shelving location Koha date last seen Copy number Koha normalized classification for sorting Source of classification or shelving scheme Sublocation or collection (holding branch) Not for loan Date acquired Location (home branch)
18488629.25/JUD/1966  2015-05-23 General BookCirculation section2015-05-231629_250000000000000_JUD_1966 Central Library, BUET 2015-05-23Central Library, BUET